000 00602nam a2200217 a 4500
008
020 _a0273638378 (pbk.)
049 _aMAIN
090 _aHF5635
100 1 _aWeetman, Pauline.
245 1 0 _aFinancial accounting :
_ban introduction /
_cPauline Weetman.
260 _aHarlow, England :
_bPrentice-Hall,
_cc1985.
300 _axvi, 493 p. ;
_c25 cm.
500 _aIncludes index.
650 0 _aAccounting.
907 _a.b10137178
_b16-01-07
_c23-09-04
003
005 20230123134130.0
040 _cNUST
942 _cBOOKS
_kHF5635
999 _c160622
_d160622